Book quiz: 1984 - Statistics

General Stats
  • This quiz has been taken 54 times
  • The average score is 14 of 20
Answer Stats
Question Answer % Correct
In chapter 4 we learn that Winston works where? Ministry of Truth
100%
Who is the girls name? Julia
96%
Winston purchases what to be closer to the girl? An apartment above Mr Charrington's shop
92%
In chapter 3, who does Winston Dream of? His mother
92%
Who has overall control? Big brother
88%
What does Winston say to keep him alive in the End? "Do it to Julia.
88%
What was rationed in Chapter 5? Chocolate
85%
What does Winston start to doubt? The party
85%
Winston meets a girl in chapter 8 who he fears works for who? Thought police
85%
The Book was published in 19? 49
81%
The girl is described as having what hair? Dark
81%
What does the girl use to 'Put Winston on'? Makeup
77%
In the same chapter we are introduced to the Memory what? Hole
65%
In chapter 2, what mistake does Winston do at the beginning of the chapter? Leaves his book open.
62%
How many times is Winston forced to have sex with his ex-wife for the party? once a week
58%
Winston and the girl do what? Have sex in a politicaly driven way
54%
When people don't get there daly sex, what is to come according to the book? Hysteria
46%
What 'addiction' did Winston stop Gin
42%
In chapter 5 what did Winston quote at the end of the chapter? "By 2050, earlier probably-all real knowledge oldspeak would have disappeared."
35%
What does Winston think the codeword is, when he is talking to O'Brien? Syme
35%
No matching quizzes found
Score Distribution
Percent of People with Each Score
Percentile by Number Answered
Your Score History
You have not taken this quiz